000 00535nam a2200217Ia 4500
003 OSt
005 20221005130217.0
006 a|||||r|||| 00| 0
007 ta
008 221004b |||||||| |||| 00| 0 tam d
024 _a51893
037 _cTextual
040 _aCRL
_cCRL
_btam
041 _2tam
_atam
082 _aU.2132.N5, 31L2
100 _aSomale
_9637762
245 0 _aRamanadapura maavattam
650 _aGEOGRAPHY
942 _hU.2132.N5, 31L2
_cTEXL
_2cc
999 _c1056439
_d1056439